Radiology for anaesthesia and intensive care / (رقم التسجيلة. 21995)

تفاصيل مارك
000 -الفاتح
حقل البيانات ثابتة الطول 01828cam a22004094a 4500
003 - محدد رقم الضبط
رقم الضبط OSt
005 - وقت وتاريخ اخر تعامل مع التسجيلة
رقم الضبط 20150408114020.0
008 - عناصر البيانات ثابتة الطول - معلومات عامة
حقل البيانات ثابتة الطول 090518s2010 enka b 001 0 eng
010 ## - رقم ضبط مكتبة الكونجرس
رقم ضبط مكتبة الكونجرس 2009020681
020 ## - الرقم الدولى المعيارى للكتب
الرقم الدولى المعيارى للكتاب 9780521735636 (pbk.)
020 ## - الرقم الدولى المعيارى للكتب
الرقم الدولى المعيارى للكتاب 0521735637 (pbk.)
040 ## - مصدر الفهرسة
وكالة الفهرسة الأصلية DNLM/DLC
وكالة النسخ DLC
وكالة التعديل NLM
-- BWKUK
-- UKM
-- CDX
-- BTCTA
-- YDXCP
040 ## - مصدر الفهرسة
وكالة الفهرسة الأصلية DNLM/DLC
وكالة النسخ DLC
وكالة التعديل NLM
-- BWKUK
-- UKM
-- CDX
-- BTCTA
-- YDXCP
-- NhCcYME
042 ## - رمز التحقق
رمز التحقق pcc
050 10 - رقم طلب مكتبة الكونجرس
رقم التصنيف RC78
رقم المادة .H657 2010
060 10 - رقم الطلب بالمكتبة الطبية الوطنية
رقم التصنيف WO 200
رقم المادة H795r 2010
082 00 - رقم تصنيف ديوى العشرى
رقم التصنيف 616.07/54
رقم الطبعة 22
092 ## - رقم استدعاء ديوى المحلى
رقم التصنيف 616.0754
رقم المادة H793 r12
100 1# - المدخل الرئيسى - إسم شخصى
الإسم الشخصى Hopkins, Richard,
التواريخ المصاحبة للاسم 1967-
9 (RLIN) 14108
245 10 - بيان العنوان
العنوان Radiology for anaesthesia and intensive care /
بيان المسئوليه,etc Richard Hopkins, Carol Peden and Sanjay Gandhi.
250 ## - بيان الطبعة
بيان الطبعة 2nd ed.
260 ## - PUBLICATION, DISTRIBUTION, ETC. (IMPRINT)
مكان الناشر او الموزع Cambridge, UK ;
-- New York :
اسم الناشر او الموزع Cambridge University Press,
تاريخ النشر أو التوزيع 2010.
300 ## - الوصف المادى
التعداد xx, 308 p. :
تفاصيل ماديه اخرى للوعاء ill. ;
أبعاد الوعاء 24 cm.
490 1# - بيان السلسلة
عنوان السلسلة Cambridge medicine.
504 ## - تبصرة ببليوجرافية
تبصرة ببليوجرافية,الخ Includes bibliographical references and index.
520 ## - التبصرة الخاصة بالتعليق أو التلخيص
ملخص,الخ "The advent of small, affordable ultrasound machines and the widespread use of PACS systems have made imaging more accessible to anaesthetists and intensivists that ever before. Highly illustrated and practical, Radiology for Anaesthesia and Intensive Care, Second Edition covers the key aspects of all imaging modalities, giving clear guidance for the non-radiologists to the use of imaging in the intensive care setting and for a wide range of clinical applications in anaesthesia." --Book Jacket.
650 #0 - المدخل الاضافى بالموضوع-مصطلح موضوعى
مصطلح موضوعي أو اسم جغرافي كعنصر مدخل Radiology, Medical.
650 #0 - المدخل الاضافى بالموضوع-مصطلح موضوعى
مصطلح موضوعي أو اسم جغرافي كعنصر مدخل Anesthesia.
650 #0 - المدخل الاضافى بالموضوع-مصطلح موضوعى
مصطلح موضوعي أو اسم جغرافي كعنصر مدخل Critical care medicine.
9 (RLIN) 4716
650 12 - المدخل الاضافى بالموضوع-مصطلح موضوعى
مصطلح موضوعي أو اسم جغرافي كعنصر مدخل Anesthesia.
650 12 - المدخل الاضافى بالموضوع-مصطلح موضوعى
مصطلح موضوعي أو اسم جغرافي كعنصر مدخل Radiology
التقسيم الفرعي العام methods.
9 (RLIN) 11173
650 22 - المدخل الاضافى بالموضوع-مصطلح موضوعى
مصطلح موضوعي أو اسم جغرافي كعنصر مدخل Intensive Care.
700 1# - المدخل الاضافى - اسم شخصى
الإسم الشخصى Peden, Carol.
9 (RLIN) 14109
700 1# - المدخل الاضافى - اسم شخصى
الإسم الشخصى Gandhi, Sanjay.
9 (RLIN) 14110
830 #0 - المدخل الاضافى بالسلسلة -عنوان موحد
عنوان موحد Cambridge medicine.
9 (RLIN) 13815
942 ## - عناصر المدخل الإضافي( كوها)
مصدر التصنيف او مخطط الترفيف Dewey Decimal Classification
Koha [default] item type كتاب
المقتنيات
حالة الفقد نموذج السعر الفعال حالة تلف ليس للاعارة رقم الطلب تاريخ الاكتساب الموقع الحالي الباركود الفرع الرئيسي Date last seen نوع المادة فى نظام كوها مصدر التصنيف او خطة الترفيف Total Checkouts Date last checked out مُعار
  2013-03-10     616.0754 H R R 2012-05-17 مكتبة كلية العلوم الطبية التطبيقية بالمجمعة - طالبات (AMF) 00087492 مكتبة كلية العلوم الطبية التطبيقية بالمجمعة - طالبات (AMF) 2013-03-10 كتاب Dewey Decimal Classification      
  2013-03-10     616.0754 H R R 2012-05-17 مكتبة كلية العلوم الطبية التطبيقية بالمجمعة - طالبات (AMF) 00087493 مكتبة كلية العلوم الطبية التطبيقية بالمجمعة - طالبات (AMF) 2013-03-10 كتاب Dewey Decimal Classification      
  2013-03-10     616.0754 H R R 2012-05-17 مكتبة كلية العلوم الطبية التطبيقية بالمجمعة - طالبات (AMF) 00087495 مكتبة كلية العلوم الطبية التطبيقية بالمجمعة - طالبات (AMF) 2016-02-04 كتاب Dewey Decimal Classification 1 2016-02-04 2016-03-05
  2013-03-10     616.0754 H R R 2012-05-17 مكتبة كلية العلوم الطبية التطبيقية بالمجمعة - طالبات (AMF) 00087494 مكتبة كلية العلوم الطبية التطبيقية بالمجمعة - طالبات (AMF) 2013-03-10 كتاب Dewey Decimal Classification